书目信息 |
| 题名: |
离散数学
|
|
| 作者: | 左孝凌 编著 | |
| 分册: | ||
| 出版信息: | 上海 上海科学技术文献出版社 1982 |
|
| 页数: | 426页 | |
| 开本: | 21cm | |
| 丛书名: | ||
| 单 册: | ||
| 中图分类: | O158 | |
| 科图分类: | ||
| 主题词: | 离散数学 | |
| 电子资源: | ||
| ISBN: | ||
| 000 | 00586nam0 2200229 45 | |
| 001 | 0182000654 | |
| 005 | 20040707084258.5 | |
| 010 | @dCNY1.65 | |
| 100 | @a19950724d1982 em y0chiy0121 ea | |
| 101 | 0 | @achi |
| 102 | @aCN@b310000 | |
| 105 | @ay z 000yy | |
| 106 | @ar | |
| 200 | 10 | @a离散数学@Ali san shu xue@f左孝凌等编著 |
| 210 | @a上海@c上海科学技术文献出版社@d1982 | |
| 215 | @a426页@d21cm | |
| 606 | @a离散数学 | |
| 690 | @aO158@v3 | |
| 701 | 0 | @a左孝凌@Azuo xiao ling@4编著 |
| 801 | 0 | @aCN@b上海图书馆@c20040707 |
| 801 | 2 | @aCN@bNLC@c20040707 |
| 905 | @f1@b77972@dO158@e1 | |
| 离散数学/左孝凌等编著.-上海:上海科学技术文献出版社,1982 |
| 426页;21cm |
| ISBN :CNY1.65 |
| ● |
| 相关链接 |
|
|
|
|
正题名:离散数学
索取号:O158/1
 
预约/预借
| 序号 | 登录号 | 条形码 | 馆藏地/架位号 | 状态 | 备注 |
| 1 | 0077972 | 001954503 | 第三借阅区/ [索取号:O158/1] |
已借出,限还日期为2026.05.06 借出人:宋禹萱 |
|
| 2 | 0077974 | 202091501 | 第二样本阅览室/ [索取号:O158/1] | 在馆 |